The Making of Modern India: (Record no. 207518)

MARC details
000 -LEADER
fixed length control field 00638nam a22001817a 4500
005 - DATE AND TIME OF LATEST TRANSACTION
control field 20241211110422.0
010 ## - LCCN (DPL NO)
LC control number DEC24SC ENG-142914
020 ## - INTERNATIONAL STANDARD BOOK NUMBER
International Standard Book Number 9789355015044
Terms of availability 495.00
035 ## - SYSTEM CONTROL NUMBER
System control number EN-126446
082 ## - DEWEY DECIMAL CLASSIFICATION NUMBER
Classification number 954
Edition number 1
100 ## - MAIN ENTRY--PERSONAL NAME
Personal name Shukla, Ajay
245 ## - TITLE STATEMENT
Title The Making of Modern India:
Remainder of title From 1498 to the Modern Times/
Statement of responsibility, etc by Ajay Shukla
250 ## - EDITION STATEMENT
Edition statement 1
260 ## - PUBLICATION, DISTRIBUTION, ETC. (IMPRINT)
Place of publication, distribution, etc New Delhi
Name of publisher, distributor, etc S Chand and Company Limited
Date of publication, distribution, etc 2023
270 ## - ADDRESS
Address A-27, 2nd Floor, Mohan Co-operative Industrial Estate
City New Delhi
Postal code 110044
Electronic mail address info@schandpublishing.com
Telephone number 011-49731800
300 ## - PHYSICAL DESCRIPTION
Extent 438p.
Dimensions 23cm(pb)
942 ## - ADDED ENTRY ELEMENTS (KOHA)
Source of classification or shelving scheme Dewey Decimal Classification
Item type English Books
Classification part 954
Call number suffix SHU
Edition 1
Holdings
Withdrawn status Lost status Not for loan Collection code Home library Current library Date acquired Source of acquisition Cost, normal purchase price Full call number Barcode Copy number Cost, replacement price Koha item type
      Non-fiction Central Library Central Library 10/12/2024 Delivery of Books Division 495.00 954 SHU EN-126446 1 495.00 English Books

© Delhi Public Library
Hit Counter
free hit counter